SPSS Survival Manual : (Record no. 6403)

MARC details
000 -LEADER
fixed length control field 01391cam a2200361 a 4500
001 - CONTROL NUMBER
control field 14887934
003 - CONTROL NUMBER IDENTIFIER
control field OSt
005 - DATE AND TIME OF LATEST TRANSACTION
control field 20240409125345.0
008 - FIXED-LENGTH DATA ELEMENTS--GENERAL INFORMATION
fixed length control field 070612s2005 enka f b 001 0 eng c
010 ## - LIBRARY OF CONGRESS CONTROL NUMBER
LC control number 2007297791
020 ## - INTERNATIONAL STANDARD BOOK NUMBER
International Standard Book Number 9780335261543
035 ## - SYSTEM CONTROL NUMBER
System control number (OCoLC)ocm59169162
035 ## - SYSTEM CONTROL NUMBER
System control number (OCoLC)59169162
040 ## - CATALOGING SOURCE
Original cataloging agency IIB
Transcribing agency IIB
Modifying agency VP@
-- NLGGC
-- MUQ
-- WAU
-- DLC
042 ## - AUTHENTICATION CODE
Authentication code pcc
050 00 - LIBRARY OF CONGRESS CALL NUMBER
Item number .P35 2005
082 ## - DEWEY DECIMAL CLASSIFICATION NUMBER
Classification number 001.42 PAL 2016
100 1# - MAIN ENTRY--PERSONAL NAME
Personal name Pallant, Julie.
9 (RLIN) 13136
245 10 - TITLE STATEMENT
Title SPSS Survival Manual :
Remainder of title a step by step guide to data analysis using IBM SPSS
250 ## - EDITION STATEMENT
Edition statement 6th. ed.
260 ## - PUBLICATION, DISTRIBUTION, ETC. (IMPRINT)
Place of publication, distribution, etc. New York, NY :
Name of publisher, distributor, etc. McGraw Hill Education
Date of publication, distribution, etc. 2016.
300 ## - PHYSICAL DESCRIPTION
Extent xv, 352 p. :
Other physical details ill. ;
Dimensions 26 cm.
500 ## - GENERAL NOTE
General note Spiral bound.
504 ## - BIBLIOGRAPHY, ETC. NOTE
Bibliography, etc Includes bibliographical references (p. 313-315) and index.
650 #0 - SUBJECT ADDED ENTRY--TOPICAL TERM
Topical term or geographic name as entry element Research methods
9 (RLIN) 13138
650 #0 - SUBJECT ADDED ENTRY--TOPICAL TERM
Topical term or geographic name as entry element Social sciences
9 (RLIN) 6424
856 41 - ELECTRONIC LOCATION AND ACCESS
Materials specified Table of contents only
Uniform Resource Identifier http://www.loc.gov/catdir/enhancements/fy0737/2007297791-t.html
856 42 - ELECTRONIC LOCATION AND ACCESS
Materials specified Publisher description
Uniform Resource Identifier http://www.loc.gov/catdir/enhancements/fy0737/2007297791-d.html
856 42 - ELECTRONIC LOCATION AND ACCESS
Materials specified Contributor biographical information
Uniform Resource Identifier http://www.loc.gov/catdir/enhancements/fy0737/2007297791-b.html
906 ## - LOCAL DATA ELEMENT F, LDF (RLIN)
a 7
b cbc
c pccadap
d 2
e ncip
f 20
g y-gencatlg
942 ## - ADDED ENTRY ELEMENTS (KOHA)
Source of classification or shelving scheme Dewey Decimal Classification
Koha item type Open Shelf
Holdings
Withdrawn status Lost status Source of classification or shelving scheme Damaged status Not for loan Home library Current library Date acquired Source of acquisition Inventory number Total Checkouts Full call number Barcode Date last seen Date last checked out Koha item type
    Dewey Decimal Classification     MUST Main Library MUST Main Library 09/12/2019 Purchase 19/41036 1 001.42 PAL 2016 2019-0714 29/09/2021 07/04/2021 Open Shelf
    Dewey Decimal Classification     MUST Main Library MUST Main Library 09/12/2019 Purchase 19/41039   001.42 PAL 2016 2019-0715 09/12/2019   Open Shelf
    Dewey Decimal Classification     MUST Main Library MUST Main Library 09/12/2019 Purchase 19/41037   001.42 PAL 2016 2019-0716 09/12/2019   Open Shelf
    Dewey Decimal Classification     MUST Main Library MUST Main Library 09/12/2019 Purchase 19/41038   001.42 PAL 2016 2019-0717 09/12/2019   Open Shelf
    Dewey Decimal Classification     MUST Main Library MUST Main Library 09/12/2019 Purchase 19/41040   001.42 PAL 2016 2019-0718 09/12/2019   Open Shelf